[Event "Czech Open GM 2019"]
[Site "Pardubice"]
[Date "2019.07.21"]
[Round "3.35"]
[White "Petr, Jan"]
[Black "Colas, Joshua"]
[Result "1/2-1/2"]
[WhiteElo "2282"]
[BlackElo "2302"]
[Annotator "NA"]
[PlyCount "121"]
[EventDate "2019.07.19"]
[EventType "swiss"]
[EventCountry "CZE"]
[SourceTitle "playchess.com"]
[Source "ChessBase"]
[SourceQuality "1"]

1. e4 c6 2. d4 d5 3. Nd2 dxe4 4. Nxe4 Nf6 5. Nxf6+ exf6 6. Ne2 Bd6 7. g3 O-O 8. Bg2 Bg4 9. Be3 Re8 10. Qd2 Nd7 11. O-O Nb6 12. b3 Nd5 13. c4 Bb4 14. Qd3 Nxe3 15. fxe3 Qe7 16. e4 f5 17. e5 Rad8 18. Bf3 Qxe5 19. Rf2 Bc5 20. Rd1 Bxf3 21. Qxf3 Bxd4 22. Rxd4 Rxd4 23. Nxd4 Qxd4 24. Qxf5 f6 25. Kg2 a6 26. Qf4 Qxf4 27. gxf4 b5 28. cxb5 cxb5 29. Kf3 Rc8 30. Ke4 Kf7 31. Rd2 Ke6 32. f5+ Ke7 33. Rg2 Kf7 34. Rd2 Re8+ 35. Kf4 g5+ 36. fxg6+ hxg6 37. h4 Rh8 38. Kg3 Ke6 39. Kg4 f5+ 40. Kg3 Rc8 41. Kf4 Rc1 42. Rg2 Kf6 43. Rd2 Rf1+ 44. Kg3 Ke5 45. Rg2 f4+ 46. Kh2 Kf6 47. Kh3 f3 48. Rc2 Kf5 49. Kg3 Ke4 50. Rc6 Rg1+ 51. Kf2 Rg2+ 52. Kf1 a5 53. a4 bxa4 54. bxa4 g5 55. hxg5 Rxg5 56. Re6+ Kf4 57. Rb6 Rd5 58. Rh6 Rd1+ 59. Kf2 Rd2+ 60. Kf1 Ra2 61. Rh5 1/2-1/2

[Event "Czech Open GM 2019"]
[Site "Pardubice"]
[Date "2019.07.21"]
[Round "3.36"]
[White "Zhuravlev, Stepan"]
[Black "Polschikov, Alexey"]
[Result "0-1"]
[WhiteElo "2182"]
[BlackElo "2375"]
[Annotator "NA"]
[PlyCount "110"]
[EventDate "2019.07.19"]
[EventType "swiss"]
[EventCountry "CZE"]
[SourceTitle "playchess.com"]
[Source "ChessBase"]
[SourceQuality "1"]

1. d4 d5 2. c4 dxc4 3. Nf3 a6 4. e3 Nf6 5. Bxc4 b5 6. Bd3 Bb7 7. b4 e6 8. a3 Nbd7 9. O-O Bd6 10. Bb2 O-O 11. Qe2 Qe7 12. e4 e5 13. d5 c6 14. dxc6 Bxc6 15. Nbd2 Nb6 16. Rac1 Bd7 17. Nb3 Na4 18. Rc2 Nxb2 19. Rxb2 Rfc8 20. Rc2 Be6 21. Rfc1 Rxc2 22. Qxc2 Rc8 23. Qb2 Rxc1+ 24. Nxc1 Qc7 25. Qc2 Kf8 26. Qxc7 Bxc7 27. Kf1 Ke7 28. Nd2 Bb6 29. f3 Bd4 30. Ncb3 Bc3 31. Bc2 Nd7 32. Nb1 Bb2 33. Ke2 h5 34. N3d2 Nf6 35. a4 h4 36. axb5 axb5 37. Bd3 Bd7 38. Kf2 Ne8 39. Nb3 Nc7 40. g3 Na6 41. Ke2 Nxb4 42. Kd2 Kd6 43. Nc3 Bxc3+ 44. Kxc3 Na6 45. Nc1 hxg3 46. hxg3 Kc5 47. Nb3+ Kb6 48. Nc1 Be6 49. f4 f6 50. Ne2 b4+ 51. Kb2 Nc5 52. Bb1 Na4+ 53. Kc2 Kc5 54. f5 Bc4 55. Ng1 Nc3 0-1

[Event "Czech Open GM 2019"]
[Site "Pardubice"]
[Date "2019.07.21"]
[Round "3.36"]
[White "Dovzhenko, Viktor"]
[Black "Dowgird, Filip"]
[Result "1-0"]
[WhiteElo "2100"]
[BlackElo "2298"]
[Annotator "NA"]
[PlyCount "147"]
[EventDate "2019.07.19"]
[EventType "swiss"]
[EventCountry "CZE"]
[SourceTitle "playchess.com"]
[Source "ChessBase"]
[SourceQuality "1"]

1. d4 d6 2. Nf3 Bg4 3. e3 Nd7 4. Be2 Ngf6 5. Nbd2 c6 6. b3 e5 7. Bb2 e4 8. Ng1 h5 9. c4 d5 10. Qc2 Bd6 11. O-O-O Qe7 12. f3 Bf5 13. fxe4 Bxe4 14. Nxe4 Nxe4 15. Bd3 f5 16. Nf3 g6 17. Bxe4 fxe4 18. Ne5 Qg5 19. cxd5 cxd5 20. Kb1 Rf8 21. Rhe1 Ke7 22. g3 Ke6 23. Qe2 a6 24. h4 Qh6 25. g4 Rad8 26. Rg1 Nxe5 27. dxe5 Be7 28. gxh5 gxh5 29. Qg2 Rf3 30. Bd4 Bxh4 31. Rgf1 Qg5 32. Qc2 Rxf1 33. Rxf1 Qe7 34. Qg2 Qg5 35. Rf6+ Kd7 36. Rf7+ Ke6 37. Qf1 Rg8 38. Rf6+ Kd7 39. Rf7+ Ke6 40. Rf6+ Kd7 41. Qc1 Qg1 42. Rf1 Bf2 43. Kb2 Qg2 44. Ka3 Rg6 45. Qd1 Bh4 46. Rf7+ Ke6 47. Rxb7 Be7+ 48. b4 a5 49. Qa4 Bxb4+ 50. Kb3 Kf5 51. Qd7+ Kg5 52. Qxd5 Qh1 53. e6+ Kg4 54. Bb2 Qb1 55. e7 Bxe7 56. Rxe7 Rb6+ 57. Ka4 Rxb2 58. Rxe4+ Kf3 59. Qf5+ Ke2 60. Qxh5+ Kd3 61. Qd5+ Ke2 62. Qh5+ Kd3 63. Qd5+ Ke2 64. Qh5+ Kd3 65. Rd4+ Kxe3 66. Qe5+ Kf2 67. Qf4+ Kg1 68. Qg4+ Kh2 69. Qh4+ Kg1 70. Qg4+ Kh2 71. Qh5+ Kg3 72. Rg4+ Kf2 73. Qh2+ Kf3 74. Qh3+ 1-0

[Event "Czech Open GM 2019"]
[Site "Pardubice"]
[Date "2019.07.21"]
[Round "3.37"]
[White "Colpe, Malte"]
[Black "Ter Stal, Rainer"]
[Result "1-0"]
[WhiteElo "2367"]
[BlackElo "2155"]
[Annotator "NA"]
[PlyCount "37"]
[EventDate "2019.07.19"]
[EventType "swiss"]
[EventCountry "CZE"]
[SourceTitle "playchess.com"]
[Source "ChessBase"]
[SourceQuality "1"]

1. d4 e6 2. c4 b6 3. Nc3 Bb4 4. Bd2 f5 5. a3 Bxc3 6. Bxc3 Nf6 7. f3 Nh5 8. Nh3 f4 9. Qd2 Qh4+ 10. Nf2 O-O 11. g3 Qe7 12. g4 Nf6 13. Nd3 Ba6 14. b3 Nc6 15. Nxf4 e5 16. dxe5 Nxe5 17. Bg2 Bb7 18. O-O Rae8 19. g5 1-0

[Event "Czech Open GM 2019"]
[Site "Pardubice"]
[Date "2019.07.21"]
[Round "3.37"]
[White "Myshakov, Fyodor"]
[Black "Elgersma, Simon"]
[Result "1-0"]
[WhiteElo "2295"]
[BlackElo "2130"]
[Annotator "NA"]
[PlyCount "79"]
[EventDate "2019.07.19"]
[EventType "swiss"]
[EventCountry "CZE"]
[SourceTitle "playchess.com"]
[Source "ChessBase"]
[SourceQuality "1"]

1. c4 e6 2. Nc3 d5 3. cxd5 exd5 4. d4 c6 5. Nf3 Nf6 6. Bg5 h6 7. Bh4 Bf5 8. e3 Nbd7 9. Bd3 Bxd3 10. Qxd3 Bd6 11. O-O O-O 12. a3 a5 13. Na4 Re8 14. Rfc1 Qe7 15. Qb3 b5 16. Nc5 Nxc5 17. dxc5 Bc7 18. Qc3 g5 19. Bg3 Ne4 20. Qc2 Bxg3 21. hxg3 a4 22. Nd4 Qd7 23. g4 Nf6 24. Qf5 Qxf5 25. gxf5 Ra6 26. Nc2 Ra7 27. Nd4 Ra6 28. Rc2 Re5 29. Re1 Kg7 30. f3 Nd7 31. g4 Re8 32. Kf2 Ne5 33. Rh1 Nc4 34. Re2 Ra7 35. f6+ Kg6 36. Nxc6 Rc7 37. Ne7+ Kh7 38. Nf5 Ne5 39. Rxh6+ Kg8 40. Ne7+ 1-0

[Event "Czech Open GM 2019"]
[Site "Pardubice"]
[Date "2019.07.21"]
[Round "3.38"]
[White "Parkhov, Yair"]
[Black "Gagare, Shalmali"]
[Result "1/2-1/2"]
[WhiteElo "2354"]
[BlackElo "2058"]
[Annotator "NA"]
[PlyCount "139"]
[EventDate "2019.07.19"]
[EventType "swiss"]
[EventCountry "CZE"]
[SourceTitle "playchess.com"]
[Source "ChessBase"]
[SourceQuality "1"]

1. Nf3 d5 2. g3 Nf6 3. Bg2 Bf5 4. O-O e6 5. d3 Be7 6. c4 c6 7. Qb3 Qb6 8. cxd5 exd5 9. Qc2 O-O 10. Nc3 Na6 11. a3 Nc5 12. b4 Ne6 13. Nh4 Bg6 14. e3 Nd7 15. Nxg6 hxg6 16. Rb1 Rac8 17. Bd2 a6 18. Rfc1 Qc7 19. Ne2 Rfd8 20. a4 Nf6 21. Qa2 Qd6 22. Bc3 Ne8 23. Rc2 Bf6 24. Bd2 N8c7 25. Rbc1 Qf8 26. Qb3 Be7 27. Rb1 Bf6 28. h4 Be7 29. Bc3 Bf6 30. Bd2 Qe7 31. Rcc1 Qf8 32. Bh3 Ra8 33. Kg2 Qe7 34. Rh1 Kh7 35. Bg4 Rh8 36. h5 gxh5 37. Rxh5+ Kg8 38. Rxh8+ Kxh8 39. Rh1+ Kg8 40. Qb1 g6 41. Qg1 Bg7 42. f4 f5 43. Bf3 Kf7 44. g4 fxg4 45. Bxg4 Rh8 46. Rxh8 Bxh8 47. Qh2 Kg8 48. Qg3 Kf7 49. Qh3 Bg7 50. f5 gxf5 51. Qh5+ Kg8 52. Bxf5 Nf8 53. Qg4 Nce6 54. Be1 Kf7 55. Bf2 Ke8 56. Ng3 Bc3 57. Nh5 Ng7 58. Nxg7+ Bxg7 59. Qf4 Be5 60. Qh6 Bg7 61. Qf4 Be5 62. Qg4 Kd8 63. Bh4 Bf6 64. Qg3 Nd7 65. Qg8+ Kc7 66. Bg3+ Be5 67. d4 Bxg3 68. Qxg3+ Kb6 69. a5+ Ka7 70. Bxd7 1/2-1/2

[Event "Czech Open GM 2019"]
[Site "Pardubice"]
[Date "2019.07.21"]
[Round "3.38"]
[White "Kim, Jinsoo"]
[Black "Ratsma, Midas"]
[Result "1/2-1/2"]
[WhiteElo "2087"]
[BlackElo "2295"]
[Annotator "NA"]
[PlyCount "75"]
[EventDate "2019.07.19"]
[EventType "swiss"]
[EventCountry "CZE"]
[SourceTitle "playchess.com"]
[Source "ChessBase"]
[SourceQuality "1"]

1. e4 c6 2. d4 d5 3. exd5 cxd5 4. c4 Nf6 5. Nc3 Nc6 6. Bg5 dxc4 7. Bxc4 h6 8. Be3 e6 9. Nf3 Be7 10. O-O O-O 11. Rc1 b6 12. Qe2 Bb7 13. Rfd1 Nb4 14. Bf4 Rc8 15. Ne5 Nbd5 16. Bd2 Bd6 17. Nb5 Bb8 18. a3 a6 19. Nc3 b5 20. Ba2 Ba7 21. Qd3 Nxc3 22. Bxc3 Bd5 23. Bxd5 Qxd5 24. Bb4 Rfd8 25. Be7 Re8 26. Bxf6 gxf6 27. Nxf7 Kg7 28. h4 Rxc1 29. Rxc1 Bxd4 30. Rc7 Re7 31. Rxe7 Kf8 32. Qh7 Kxe7 33. Nxh6+ Kd6 34. Qg7 Qe4 35. Qf8+ Kd7 36. Qf7+ Kd6 37. Qf8+ Kd7 38. Qf7+ 1/2-1/2

[Event "Czech Open GM 2019"]
[Site "Pardubice"]
[Date "2019.07.21"]
[Round "3.39"]
[White "Zhukenov, Aituar"]
[Black "Rudolf, Michal"]
[Result "0-1"]
[WhiteElo "2164"]
[BlackElo "2351"]
[Annotator "NA"]
[PlyCount "102"]
[EventDate "2019.07.19"]
[EventType "swiss"]
[EventCountry "CZE"]
[SourceTitle "playchess.com"]
[Source "ChessBase"]
[SourceQuality "1"]

1. e4 c6 2. d4 d5 3. Nc3 dxe4 4. Nxe4 Bf5 5. Ng3 Bg6 6. Bc4 e6 7. N1e2 Nf6 8. O-O Nbd7 9. f4 Nb6 10. Bb3 Qd7 11. f5 Bxf5 12. Nxf5 exf5 13. Ng3 g6 14. Re1+ Be7 15. Bh6 Nfd5 16. Qe2 f4 17. c4 Nc7 18. Bxf4 Ne6 19. Be5 O-O 20. d5 Nc5 21. d6 Bg5 22. Ne4 Nxe4 23. Qxe4 c5 24. Rad1 Rae8 25. Qd3 Re6 26. Qg3 Qd8 27. Qd3 Rfe8 28. Qc3 Nd7 29. Bg3 Bf6 30. Rxe6 Rxe6 31. Qf3 Bd4+ 32. Kh1 Ne5 33. Qxb7 Rxd6 34. Qxa7 Bxb2 35. Rf1 Rf6 36. Rxf6 Qxf6 37. Qxc5 Ng4 38. h3 Bd4 39. Qc8+ Kg7 40. hxg4 Qf1+ 41. Kh2 Qg1+ 42. Kh3 Qh1+ 43. Bh2 Be5 44. g3 Qf1+ 45. Kh4 Bf6+ 46. g5 Bxg5+ 47. Kxg5 f6+ 48. Kg4 h5+ 49. Kh4 g5+ 50. Kxh5 Qe2+ 51. Qg4 Qe8# 0-1

[Event "Czech Open GM 2019"]
[Site "Pardubice"]
[Date "2019.07.21"]
[Round "3.39"]
[White "Ptacnikova, Lenka"]
[Black "Caletka, Radomir"]
[Result "0-1"]
[WhiteElo "2074"]
[BlackElo "2286"]
[Annotator "NA"]
[PlyCount "46"]
[EventDate "2019.07.19"]
[EventType "swiss"]
[EventCountry "CZE"]
[SourceTitle "playchess.com"]
[Source "ChessBase"]
[SourceQuality "1"]

1. c4 e6 2. g3 f5 3. Bg2 Nf6 4. d4 d5 5. Nf3 c6 6. Qc2 Bd6 7. O-O O-O 8. b3 Qe7 9. Nc3 b6 10. Bf4 Bxf4 11. gxf4 Bb7 12. Ne5 Nbd7 13. Rac1 Nxe5 14. fxe5 Ng4 15. h3 Nh6 16. f4 g5 17. fxg5 Qxg5 18. Qd3 Rf7 19. cxd5 cxd5 20. Nb1 Rg7 21. Qf3 Qh4 22. Qe3 Kh8 23. Kh1 Rxg2 0-1

[Event "Czech Open GM 2019"]
[Site "Pardubice"]
[Date "2019.07.21"]
[Round "3.40"]
[White "Godzwon, Iwo"]
[Black "Soham Datar"]
[Result "1/2-1/2"]
[WhiteElo "2285"]
[BlackElo "2129"]
[Annotator "NA"]
[PlyCount "125"]
[EventDate "2019.07.19"]
[EventType "swiss"]
[EventCountry "CZE"]
[SourceTitle "playchess.com"]
[Source "ChessBase"]
[SourceQuality "1"]

1. e4 c5 2. Nf3 d6 3. d4 cxd4 4. Nxd4 Nf6 5. Nc3 a6 6. f3 e5 7. Nb3 Be6 8. Be3 Nbd7 9. Qd2 h5 10. O-O-O Rc8 11. Nd5 Bxd5 12. exd5 Be7 13. Kb1 Nb6 14. Qa5 Nc4 15. Bxc4 Rxc4 16. Qd2 Rc8 17. f4 Ng4 18. fxe5 Nxe5 19. Bd4 Bf6 20. Qe2 g6 21. Nd2 O-O 22. Ne4 Bg7 23. h3 f5 24. Nd2 Re8 25. Qf2 Qc7 26. Nf3 Nxf3 27. gxf3 Bxd4 28. Rxd4 Kh7 29. Rg1 Qf7 30. Qg3 Re5 31. f4 Re2 32. c3 Rce8 33. Rc4 R2e7 34. a3 Rg8 35. Qg5 Re3 36. h4 Re7 37. Kc2 Rg7 38. Rd4 b5 39. Rg2 a5 40. Qg3 Qe8 41. Kd2 Re4 42. Qd3 Rxd4 43. Qxd4 Qd8 44. Rh2 Re7 45. Qd3 b4 46. axb4 axb4 47. Re2 bxc3+ 48. Qxc3 Rc7 49. Qb4 Rc5 50. Qb7+ Rc7 51. Qb4 Rc5 52. Qb7+ Kh6 53. Re7 Qh8 54. Kd3 Rc1 55. Rf7 Re1 56. Qa7 Qg8 57. b4 Qh8 58. Kc4 Rc1+ 59. Kb5 Qe8+ 60. Qd7 Qb8+ 61. Qb7 Qe8+ 62. Qd7 Qb8+ 63. Qb7 1/2-1/2

[Event "Czech Open GM 2019"]
[Site "Pardubice"]
[Date "2019.07.21"]
[Round "3.40"]
[White "Stinka, Jakub"]
[Black "Nurkiewicz, Maciej"]
[Result "1-0"]
[WhiteElo "2135"]
[BlackElo "2334"]
[Annotator "NA"]
[PlyCount "59"]
[EventDate "2019.07.19"]
[EventType "swiss"]
[EventCountry "CZE"]
[SourceTitle "playchess.com"]
[Source "ChessBase"]
[SourceQuality "1"]

1. d4 Nf6 2. c4 c5 3. d5 e6 4. Nc3 exd5 5. cxd5 d6 6. e4 g6 7. h3 Bg7 8. Bd3 O-O 9. Nf3 a6 10. a4 Re8 11. O-O Nbd7 12. Bf4 Qc7 13. Qd2 c4 14. Bc2 Rb8 15. Rfe1 Nh5 16. Be3 Ne5 17. Nd4 Nf6 18. f4 Ned7 19. Nf3 b6 20. Bd4 Bb7 21. Rad1 Ba8 22. e5 Nh5 23. g4 Nxf4 24. Qxf4 dxe5 25. Qg3 Rbd8 26. Be3 Nc5 27. Ng5 Qd7 28. a5 h6 29. Bxc5 bxc5 30. Ba4 1-0

[Event "Czech Open GM 2019"]
[Site "Pardubice"]
[Date "2019.07.21"]
[Round "3.41"]
[White "Van Foreest, Jorden"]
[Black "Skalsky, Alexandr"]
[Result "1-0"]
[WhiteElo "2612"]
[BlackElo "2049"]
[Annotator "ChessBase"]
[PlyCount "69"]
[EventDate "2019.07.19"]
[EventType "swiss"]
[EventCountry "CZE"]
[SourceTitle "playchess.com"]
[Source "ChessBase"]
[SourceQuality "1"]

1. Nf3 c5 2. c4 g6 3. e4 Bg7 4. d4 cxd4 5. Nxd4 Nc6 6. Be3 Nf6 7. Nc3 O-O 8. Be2 d6 9. O-O Bd7 10. h3 a6 11. Re1 Qb8 12. a4 a5 13. Ndb5 Nb4 14. Bf1 Bc6 15. Bg5 h6 16. Bf4 Nd7 17. Nd5 Bxd5 18. exd5 Re8 19. Qd2 g5 20. Be3 e5 21. dxe6 Rxe6 22. Nd4 Re5 23. h4 Nc5 24. hxg5 Ne4 25. Qd1 Nxg5 26. Ra3 Qe8 27. f4 Re4 28. Nf5 Qe6 29. Nxg7 Kxg7 30. fxg5 Kg8 31. gxh6 Re8 32. h7+ Kxh7 33. Qh5+ Kg8 34. Bd4 Rxe1 35. Qh8# 1-0

[Event "Czech Open GM 2019"]
[Site "Pardubice"]
[Date "2019.07.21"]
[Round "3.41"]
[White "Vorisek, Jakub"]
[Black "Kenneskog, Theodor"]
[Result "0-1"]
[WhiteElo "2071"]
[BlackElo "2284"]
[Annotator "NA"]
[PlyCount "96"]
[EventDate "2019.07.19"]
[EventType "swiss"]
[EventCountry "CZE"]
[SourceTitle "playchess.com"]
[Source "ChessBase"]
[SourceQuality "1"]

1. e4 c5 2. Nf3 d6 3. d4 cxd4 4. Nxd4 Nf6 5. Nc3 a6 6. Bg5 e6 7. f4 h6 8. Bh4 Qb6 9. Qd2 Qxb2 10. Rb1 Qa3 11. Bxf6 gxf6 12. Be2 h5 13. O-O Be7 14. Kh1 h4 15. f5 h3 16. g3 Nc6 17. Nxc6 bxc6 18. Bg4 Qa5 19. Qd3 Qc7 20. Ne2 e5 21. Ng1 a5 22. Bxh3 Ba6 23. c4 d5 24. exd5 cxd5 25. Qxd5 Ra7 26. Bg2 Bxc4 27. Qc6+ Qxc6 28. Bxc6+ Kf8 29. Rfc1 Bd3 30. Rb8+ Kg7 31. Rxh8 Kxh8 32. Bd5 Bxf5 33. Nf3 Ba3 34. Rc3 Bb4 35. Rc4 Rd7 36. Be4 Be6 37. Rc2 Rd1+ 38. Kg2 Ra1 39. Nh4 Rxa2 40. Rxa2 Bxa2 41. Bc2 Bd5+ 42. Kf2 Bc6 43. Nf5 a4 44. Nh6 Kg7 45. Nf5+ Kf8 46. h4 a3 47. Bb3 Bd7 48. Ne3 Bc5 0-1

[Event "Czech Open GM 2019"]
[Site "Pardubice"]
[Date "2019.07.21"]
[Round "3.42"]
[White "Martinez Alcantara, Jose Eduardo"]
[Black "Suta, Andraz"]
[Result "1-0"]
[WhiteElo "2601"]
[BlackElo "2251"]
[Annotator "ChessBase"]
[PlyCount "105"]
[EventDate "2019.07.19"]
[EventType "swiss"]
[EventCountry "CZE"]
[SourceTitle "playchess.com"]
[Source "ChessBase"]
[SourceQuality "1"]

1. e4 e5 2. Nf3 Nc6 3. Bc4 Bc5 4. c3 Nf6 5. d3 d6 6. O-O a6 7. a4 Ba7 8. Nbd2 Ne7 9. Re1 Ng6 10. Nf1 O-O 11. Ng3 c6 12. Bb3 Be6 13. Bxe6 fxe6 14. h3 Qd7 15. d4 exd4 16. cxd4 d5 17. e5 Ne4 18. Nxe4 dxe4 19. Rxe4 c5 20. Qb3 cxd4 21. Bd2 Rf5 22. Rc1 Raf8 23. Bb4 Rc8 24. Rd1 Rf4 25. Ree1 d3 26. Bd2 Rxf3 27. gxf3 Nh4 28. Re4 Nxf3+ 29. Kg2 Qf7 30. Rf4 Nh4+ 31. Kh1 Nf5 32. Qxd3 Bb6 33. Bc3 Qe7 34. Qf3 g6 35. a5 Bc5 36. Rg1 Rd8 37. Rgg4 Qd7 38. h4 Be7 39. Bb4 Qb5 40. Bxe7 Nxe7 41. Rb4 Qxa5 42. Rxb7 Rf8 43. Qe4 Qc5 44. Rg2 Qc1+ 45. Rg1 Qc6 46. Qxc6 Nxc6 47. h5 Nxe5 48. hxg6 hxg6 49. Rg5 Rf5 50. Rxf5 gxf5 51. Kg2 Nd3 52. Rb3 Nc5 53. Ra3 1-0

[Event "Czech Open GM 2019"]
[Site "Pardubice"]
[Date "2019.07.21"]
[Round "3.42"]
[White "Tate, Alan"]
[Black "Rakshitta Ravi"]
[Result "0-1"]
[WhiteElo "2283"]
[BlackElo "2112"]
[Annotator "NA"]
[PlyCount "106"]
[EventDate "2019.07.19"]
[EventType "swiss"]
[EventCountry "CZE"]
[SourceTitle "playchess.com"]
[Source "ChessBase"]
[SourceQuality "1"]

1. Nf3 Nf6 2. g3 g6 3. b3 Bg7 4. Bb2 O-O 5. Bg2 a5 6. c4 d6 7. d4 a4 8. b4 c5 9. dxc5 dxc5 10. Qxd8 Rxd8 11. b5 Nbd7 12. Na3 Nb6 13. Rc1 Be6 14. Ng5 Bh6 15. f4 Bc8 16. h3 Bg7 17. Bc3 h6 18. Ne4 Nxe4 19. Bxe4 Bd4 20. Bxd4 Rxd4 21. Bd3 Bf5 22. Nc2 Rd6 23. Bxf5 gxf5 24. Ne3 e6 25. a3 Rad8 26. Rc2 Rd4 27. Kf2 R8d6 28. Rhc1 Nd7 29. Kf3 Re4 30. Nf1 Red4 31. Ne3 Nf6 32. g4 fxg4+ 33. Nxg4 Nxg4 34. hxg4 Kg7 35. Rh1 f5 36. Rg1 Kf7 37. g5 hxg5 38. Rxg5 Rd2 39. Rc3 Ra2 40. Rh5 Kg6 41. Rh8 Rb2 42. Ra8 Rd1 43. Kf2 Rd4 44. Rxa4 Rxf4+ 45. Rf3 Rh4 46. Re3 Kf6 47. Kg3 Rd4 48. Kf3 f4 49. Rc3 Ke5 50. Ra8 Rdd2 51. e3 Rf2+ 52. Kg4 Rg2+ 53. Kh5 Rh2+ 0-1

[Event "Czech Open GM 2019"]
[Site "Pardubice"]
[Date "2019.07.21"]
[Round "3.43"]
[White "Ratsma, Rosa"]
[Black "Ponnio, Toni"]
[Result "1/2-1/2"]
[WhiteElo "2282"]
[BlackElo "2102"]
[Annotator "NA"]
[PlyCount "137"]
[EventDate "2019.07.19"]
[EventType "swiss"]
[EventCountry "CZE"]
[SourceTitle "playchess.com"]
[Source "ChessBase"]
[SourceQuality "1"]

1. e4 c6 2. Nc3 d5 3. Qe2 dxe4 4. Nxe4 Nf6 5. d3 Bf5 6. Bd2 e6 7. Nxf6+ gxf6 8. Nf3 Nd7 9. Nh4 Bg6 10. Bc3 Qb6 11. g3 Bc5 12. Bg2 Bd4 13. O-O O-O 14. Kh1 f5 15. f4 Nf6 16. Bxd4 Qxd4 17. Qe5 Qxe5 18. fxe5 Nd7 19. Rae1 Bh5 20. Rf4 a5 21. d4 Nb6 22. c3 Nd5 23. Bxd5 cxd5 24. Ng2 b5 25. Rf2 b4 26. Nf4 Bg6 27. Rc1 Rfc8 28. Rfc2 bxc3 29. Rxc3 Rcb8 30. R1c2 Rb4 31. Rd2 Rab8 32. b3 a4 33. bxa4 Rxa4 34. a3 Rb1+ 35. Kg2 Ra1 36. h4 h6 37. h5 Bh7 38. Rc8+ Kg7 39. Rc7 Ra6 40. Rb2 R1xa3 41. Rb8 Ra2+ 42. Kh3 Rd2 43. Re8 Bg8 44. Rcc8 Bh7 45. Rc7 Bg8 46. Nxe6+ Kh7 47. Nf8+ Kg7 48. Ne6+ Kh7 49. Nf8+ Kg7 50. Rc1 Raa2 51. Rh1 Rxd4 52. Nd7 Rd3 53. Nf6 Bh7 54. Re7 f4 55. Nxh7 Rxg3+ 56. Kh4 Kxh7 57. Rxf7+ Rg7 58. Rxg7+ Kxg7 59. Kg4 Kf7 60. Kf5 f3 61. e6+ Ke7 62. Ke5 Re2+ 63. Kxd5 Rxe6 64. Rf1 Rf6 65. Rf2 Rf5+ 66. Ke4 Rxh5 67. Kxf3 Rf5+ 68. Kg3 Rxf2 69. Kxf2 1/2-1/2

[Event "Czech Open GM 2019"]
[Site "Pardubice"]
[Date "2019.07.21"]
[Round "3.43"]
[White "Arpita, Mukherjee"]
[Black "Simacek, Pavel"]
[Result "0-1"]
[WhiteElo "2248"]
[BlackElo "2490"]
[Annotator "ChessBase"]
[PlyCount "94"]
[EventDate "2019.07.19"]
[EventType "swiss"]
[EventCountry "CZE"]
[SourceTitle "playchess.com"]
[Source "ChessBase"]
[SourceQuality "1"]

1. e4 e5 2. Nf3 Nc6 3. Bb5 a6 4. Ba4 Nf6 5. d3 b5 6. Bb3 Bc5 7. Nc3 h6 8. Nd5 d6 9. c3 Rb8 10. O-O O-O 11. h3 Ba7 12. Re1 Be6 13. Be3 Bxd5 14. Bxd5 Nxd5 15. exd5 Bxe3 16. dxc6 Bb6 17. d4 Qf6 18. a4 Rfe8 19. Qd3 bxa4 20. Rxa4 exd4 21. Rxe8+ Rxe8 22. cxd4 d5 23. Qc2 a5 24. b4 axb4 25. Rxb4 g6 26. Qc1 Kg7 27. Ne5 h5 28. Nd7 Qe7 29. Qb1 Ba5 30. Rb8 Rxb8 31. Nxb8 Bb6 32. Na6 Bxd4 33. Qd1 Bb6 34. Qd2 Qf6 35. Nb8 d4 36. Qd3 Ba7 37. Na6 Qxc6 38. Nb4 Qc1+ 39. Kh2 Qc3 40. Qxc3 dxc3 41. Kg3 Bc5 42. Nc2 Kf6 43. f4 Ke6 44. Kf3 Kd5 45. g4 f5 46. gxf5 gxf5 47. Ne1 Kd4 0-1

[Event "Czech Open GM 2019"]
[Site "Pardubice"]
[Date "2019.07.21"]
[Round "3.44"]
[White "Karthik Venkataraman"]
[Black "Simet, Martin"]
[Result "1-0"]
[WhiteElo "2480"]
[BlackElo "2244"]
[Annotator "ChessBase"]
[PlyCount "75"]
[EventDate "2019.07.19"]
[EventType "swiss"]
[EventCountry "CZE"]
[SourceTitle "playchess.com"]
[Source "ChessBase"]
[SourceQuality "1"]

1. d4 Nf6 2. c4 e6 3. Nc3 Bb4 4. e3 O-O 5. Nf3 d5 6. Bd2 b6 7. cxd5 exd5 8. Bd3 Bb7 9. O-O Nbd7 10. Ne5 Nxe5 11. dxe5 Bxc3 12. Bxc3 Ne4 13. Bxe4 dxe4 14. Qg4 Qe7 15. Rfd1 Rfd8 16. h3 h6 17. a3 Qg5 18. Qe2 Rd3 19. Rdc1 c5 20. b4 Ba6 21. bxc5 bxc5 22. Qc2 Re8 23. Qa4 Re6 24. Qxe4 f5 25. Qa8+ Rd8 26. Qf3 Rb6 27. h4 Qg6 28. Ba5 Bb7 29. Qh3 f4 30. Bxb6 axb6 31. exf4 Rd3 32. f5 Qc6 33. Qg4 Rd4 34. Qg6 Qa4 35. f6 Rg4 36. f7+ Kf8 37. Qd6+ Kxf7 38. Qc7+ 1-0

[Event "Czech Open GM 2019"]
[Site "Pardubice"]
[Date "2019.07.21"]
[Round "3.44"]
[White "Grund, Sebastian"]
[Black "Szustakowski, Antoni"]
[Result "1/2-1/2"]
[WhiteElo "2016"]
[BlackElo "2279"]
[Annotator "NA"]
[PlyCount "95"]
[EventDate "2019.07.19"]
[EventType "swiss"]
[EventCountry "CZE"]
[SourceTitle "playchess.com"]
[Source "ChessBase"]
[SourceQuality "1"]

1. d4 Nf6 2. c4 e6 3. Nf3 b6 4. g3 Bb7 5. Bg2 c5 6. O-O cxd4 7. Nxd4 Qc8 8. b3 Bxg2 9. Kxg2 Be7 10. Bb2 O-O 11. Nc3 Qb7+ 12. Kg1 Rd8 13. Qc2 Nc6 14. Nxc6 Qxc6 15. e4 d6 16. Rad1 a6 17. Qe2 Nd7 18. Nd5 Bf8 19. Nf4 Ne5 20. Rd2 Ng6 21. Nxg6 hxg6 22. Rfd1 b5 23. e5 bxc4 24. bxc4 d5 25. cxd5 Rxd5 26. Rxd5 exd5 27. Qf3 Rd8 28. h4 Qc2 29. Qb3 Qe2 30. Bc3 Bc5 31. Rd2 Qe1+ 32. Kg2 Qe4+ 33. f3 Qe3 34. Ba5 Qg1+ 35. Kh3 Qf1+ 36. Kg4 Re8 37. Rxd5 Bf2 38. Rd7 Re6 39. Bd2 Qb5 40. Qxb5 axb5 41. Rd8+ Kh7 42. Rd5 Ra6 43. Rxb5 Rxa2 44. Bf4 Ra4 45. Rb7 Kg8 46. e6 fxe6 47. Kg5 Kh7 48. Be5 1/2-1/2

[Event "Czech Open GM 2019"]
[Site "Pardubice"]
[Date "2019.07.21"]
[Round "3.45"]
[White "Jurek, Josef"]
[Black "Warmerdam, Max"]
[Result "0-1"]
[WhiteElo "2247"]
[BlackElo "2480"]
[Annotator "ChessBase"]
[PlyCount "72"]
[EventDate "2019.07.19"]
[EventType "swiss"]
[EventCountry "CZE"]
[SourceTitle "playchess.com"]
[Source "ChessBase"]
[SourceQuality "1"]

1. Nf3 c5 2. c4 Nf6 3. g3 d5 4. cxd5 Nxd5 5. Bg2 Nc6 6. Nc3 Nc7 7. O-O e5 8. d3 Be7 9. Nd2 Bd7 10. Nc4 f6 11. f4 b5 12. Ne3 O-O 13. Ned5 Rb8 14. fxe5 Nxe5 15. Nxc7 Qxc7 16. Nd5 Qd8 17. Nxe7+ Qxe7 18. Bf4 Rbc8 19. Rc1 Ng6 20. Bd2 Rfe8 21. Rf2 Kh8 22. Qb3 Ne5 23. h3 c4 24. dxc4 Nxc4 25. Bb4 Qe5 26. e4 a5 27. Be1 Be6 28. Qf3 b4 29. a3 Nxb2 30. Rxc8 Rxc8 31. axb4 a4 32. Kh2 Nc4 33. Bc3 Qd6 34. Bf1 Ne5 35. Qe3 Bg8 36. Rd2 Rxc3 0-1

[Event "Czech Open GM 2019"]
[Site "Pardubice"]
[Date "2019.07.21"]
[Round "3.46"]
[White "Gavrilescu, David"]
[Black "Polgar-Shutzman, Tom"]
[Result "1/2-1/2"]
[WhiteElo "2473"]
[BlackElo "2241"]
[Annotator "ChessBase"]
[PlyCount "83"]
[EventDate "2019.07.19"]
[EventType "swiss"]
[EventCountry "CZE"]
[SourceTitle "playchess.com"]
[Source "ChessBase"]
[SourceQuality "1"]

1. e4 e5 2. Bc4 Nc6 3. Nc3 Nf6 4. d3 Na5 5. Qf3 c6 6. Nge2 Be7 7. O-O O-O 8. a4 Nxc4 9. dxc4 a5 10. Rd1 d6 11. h3 Ne8 12. Ng3 Bg5 13. Bxg5 Qxg5 14. Nf5 Be6 15. b3 Rd8 16. Rd3 g6 17. Qe3 Qxe3 18. Nxe3 f5 19. Rad1 Rf7 20. exf5 gxf5 21. f4 e4 22. R3d2 h5 23. g3 Kf8 24. Ne2 Ke7 25. Kf2 Kf6 26. Rb1 Ra8 27. Nc3 Ke7 28. Rh1 Nc7 29. Ne2 Rh8 30. Rhd1 Rd8 31. c5 Ne8 32. Nd4 Rd7 33. Nxe6 Kxe6 34. Nc4 dxc5 35. Ne5 Rxd2+ 36. Rxd2 Rg7 37. Rd8 Nf6 38. Nc4 Nd5 39. Re8+ Kf6 40. Rf8+ Ke6 41. Re8+ Kf6 42. Rf8+ 1/2-1/2